[Event "Olympiad-43"]
[Site "Batumi"]
[Date "2018.10.03"]
[Round "9.3"]
[White "Pancevski, Filip"]
[Black "Myo, Naing"]
[Result "1-0"]
[WhiteElo "2489"]
[BlackElo "2327"]
[PlyCount "132"]
[EventDate "2018.09.24"]
[EventType "team-swiss"]
[EventRounds "11"]
[EventCountry "GEO"]
[SourceTitle "CBM 187"]
[Source "ChessBase"]
[SourceDate "2018.12.11"]
[SourceVersion "1"]
[SourceVersionDate "2018.12.11"]
[SourceQuality "1"]
[WhiteTeam "Macedonia"]
[BlackTeam "Myanmar"]
[WhiteTeamCountry "MKD"]
[BlackTeamCountry "MYA"]

1. c4 Nf6 2. g3 c6 3. Bg2 d5 4. Nf3 e6 5. b3 Nbd7 6. Bb2 Be7 7. 0-0 0-0 8. Qc2 b6 9. d3 Bb7 10. e4 c5 11. e5 Ne8 12. Re1 d4 13. Nbd2 Qc7 14. h4 g6 15. Bc1 Ng7 16. Ne4 Rae8 17. Bf4 Qc8 18. Bg5 Qa8 19. Bh3 f6 20. exf6 Nxf6 21. Bxf6 Bxf6 22. Qe2 Bxe4 23. Qxe4 Qxe4 24. Rxe4 Bd8 25. Kg2 Bc7 26. Rae1 Rf6 27. R4e2 h6 28. a3 a5 29. Nh2 Kh7 30. Kg1 Bd6 31. Bg2 Re7 32. Nf3 a4 33. Nd2 Rff7 34. Ne4 Rd7 35. bxa4 Bf8 36. a5 bxa5 37. Rb2 Nf5 38. Rb5 Rc7 39. a4 Kg7 40. Reb1 Nd6 41. Nxd6 Bxd6 42. Rxa5 Ra7 43. Rxa7 Rxa7 44. Rb6 Bf8 45. Bc6 Kf7 46. Rb8 Bd6 47. Rh8 Kg7 48. Rd8 Be7 49. Rc8 Bd6 50. Bb5 Be7 51. Rc6 Kf7 52. Ba6 Bf8 53. Bc8 Rxa4 54. Bxe6+ Kg7 55. Bd5 Be7 56. Be4 g5 57. Rg6+ Kf7 58. Rxh6 gxh4 59. g4 Bg5 60. Rh5 Be7 61. Rh7+ Kf8 62. Kg2 Ra2 63. Rh5 Rb2 64. Rf5+ Kg7 65. Kh3 Re2 66. g5 Bd6 1-0

[Event "Asia-ch Seniors 50"]
[Site "Mandalay"]
[Date "2016.10.28"]
[Round "2"]
[White "Zaw, Win"]
[Black "Myo, Naing"]
[Result "0-1"]
[WhiteElo "2079"]
[BlackElo "2262"]
[PlyCount "96"]
[EventDate "2016.10.26"]
[EventType "swiss"]
[EventRounds "9"]
[EventCountry "MYA"]
[SourceTitle "CBM 175 Extra"]
[Source "ChessBase"]
[SourceDate "2016.12.12"]
[SourceVersion "1"]
[SourceVersionDate "2016.12.12"]
[SourceQuality "1"]

1. e4 c5 2. c3 g6 3. g3 Bg7 4. Bg2 Nc6 5. Ne2 e5 6. d3 Nge7 7. Be3 b6 8. c4 d6 9. Nbc3 Be6 10. Nd5 h6 11. Qd2 Rc8 12. 0-0 Qd7 13. f4 Nd4 14. fxe5 Nxe2+ 15. Qxe2 dxe5 16. Nf6+ Bxf6 17. Rxf6 Rd8 18. Rd1 Bxc4 19. Qc2 Be6 20. Qc1 g5 21. Bf3 Ng8 22. Rxe6+ Qxe6 23. b3 Nf6 24. Qc3 0-0 25. Kg2 Kh7 26. Rf1 Rd6 27. Be2 Ng8 28. h3 f6 29. Qe1 Ne7 30. Qf2 Kg7 31. Qf3 f5 32. Qh5 Qg6 33. Qf3 Rdf6 34. g4 fxe4 35. Qxe4 Qxe4+ 36. dxe4 Rxf1 37. Bxf1 Ng6 38. Bf2 Rd8 39. Be3 Rd1 40. a4 Nf4+ 41. Kf2 Rb1 42. Bc4 Nxh3+ 43. Kf3 Kf6 44. Ke2 Nf4+ 45. Kd2 Ng2 46. Kc2 Nxe3+ 47. Kxb1 Nxc4 48. bxc4 h5 0-1

[Event "MYA-ch 42nd"]
[Site "Yangon"]
[Date "2016.06.30"]
[Round "?"]
[White "Wint, Thu"]
[Black "Myo, Naing"]
[Result "0-1"]
[WhiteElo "2191"]
[BlackElo "2236"]
[PlyCount "38"]
[EventDate "2016.06.20"]
[EventType "tourn"]
[EventRounds "15"]
[EventCountry "MYA"]
[SourceTitle "EXT 2018"]
[Source "ChessBase"]
[SourceDate "2017.10.13"]
[SourceVersion "1"]
[SourceVersionDate "2017.10.13"]
[SourceQuality "1"]

1. e4 c5 2. Nf3 d6 3. d4 cxd4 4. Nxd4 Nf6 5. Nc3 g6 6. Be2 Bg7 7. Be3 Nc6 8. h3 0-0 9. Qd2 Bd7 10. 0-0-0 Rc8 11. g4 Ne5 12. f3 Nc4 13. Qd3 Qb6 14. b3 Nxe3 15. Qxe3 e5 16. Kb2 exd4 17. Qxd4 Qxd4 18. Rxd4 Nxe4 19. Rxe4 Bxc3+ 0-1

[Event "MYA-ch 42nd"]
[Site "Yangon"]
[Date "2016.06.29"]
[Round "?"]
[White "Nay, Oo Kyaw Tun"]
[Black "Myo, Naing"]
[Result "1/2-1/2"]
[WhiteElo "2303"]
[BlackElo "2236"]
[PlyCount "44"]
[EventDate "2016.06.20"]
[EventType "tourn"]
[EventRounds "15"]
[EventCountry "MYA"]
[SourceTitle "EXT 2018"]
[Source "ChessBase"]
[SourceDate "2017.10.13"]
[SourceVersion "1"]
[SourceVersionDate "2017.10.13"]
[SourceQuality "1"]

1. e4 e5 2. Nf3 Nc6 3. Bb5 a6 4. Ba4 Nf6 5. d3 d6 6. c3 g6 7. 0-0 Bg7 8. Nbd2 0-0 9. Bb3 b5 10. Re1 Bb7 11. Nf1 Nb8 12. Ng3 Nbd7 13. Bg5 Nc5 14. Bc2 Ne6 15. Bd2 c5 16. a4 Qc7 17. Qc1 Rfe8 18. Bh6 Bxh6 19. Qxh6 Qe7 20. axb5 axb5 21. h3 Qf8 22. Qxf8+ Kxf8 1/2-1/2

[Event "Asia-ch Seniors 50"]
[Site "Larestan"]
[Date "2015.09.30"]
[Round "8"]
[White "Baimurzin, Aitkazy"]
[Black "Myo, Naing"]
[Result "1/2-1/2"]
[WhiteElo "2102"]
[BlackElo "2252"]
[PlyCount "158"]
[EventDate "2015.09.25"]
[EventType "swiss"]
[EventRounds "9"]
[EventCountry "IRI"]
[SourceTitle "EXT 2017"]
[Source "ChessBase"]
[SourceDate "2016.10.25"]
[SourceVersion "1"]
[SourceVersionDate "2016.10.25"]
[SourceQuality "1"]

1. c4 c6 2. g3 d5 3. Bg2 Nf6 4. Nf3 Bg4 5. cxd5 cxd5 6. Qb3 Qb6 7. Qxb6 axb6 8. Ne5 Bf5 9. Nc3 e6 10. 0-0 Nc6 11. Nf3 Be7 12. d3 h6 13. Nb5 0-0 14. Be3 Nd7 15. Rfc1 Rfc8 16. a3 e5 17. b4 Be6 18. Ne1 d4 19. Bd2 Bb3 20. Bh3 Rd8 21. Rcb1 Ba4 22. Nc7 Ra7 23. Nd5 b5 24. Nxe7+ Nxe7 25. f4 Nc6 26. Nf3 e4 27. dxe4 Bc2 28. Rc1 Bxe4 29. Ne1 Nb6 30. Rc5 Nc4 31. Bc1 b6 32. Rxb5 Re7 33. Bf1 f5 34. Nd3 Na7 35. Ne5 Nxb5 36. Nxc4 Re6 37. Ne5 Nc3 38. a4 Ra8 39. Bb2 Rc8 40. a5 bxa5 41. bxa5 Rb8 42. Ba3 Ra6 43. Bc5 Rb1 44. Rxb1 Nxb1 45. Bb6 Nd2 46. e3 Nxf1 47. Kxf1 dxe3 48. Ke2 Ra8 49. Kxe3 Rc8 50. g4 Rc3+ 51. Kd4 Ra3 52. gxf5 Bxf5 53. Nc6 Bh3 54. Ke5 Kf7 55. Kd6 Bf1 56. Bc7 Kg6 57. Nd4 Bd3 58. Bd8 Kh5 59. h4 Kg4 60. Ke5 g6 61. Ne6 Bf5 62. Ng7 Re3+ 63. Kf6 Kxf4 64. h5 Rc3 65. hxg6 Rc6+ 66. Ke7 Bxg6 67. Kd7 Rc2 68. a6 Ra2 69. Ne6+ Kg4 70. Nc5 Bc2 71. Kc6 Bd1 72. Kb7 Bf3+ 73. Kb8 h5 74. Bb6 h4 75. a7 h3 76. Bc7 Rb2+ 77. Kc8 Rc2 78. Nb7 Ra2 79. Kb8 Rc2 1/2-1/2

[Event "Asia-ch Seniors 50"]
[Site "Larestan"]
[Date "2015.09.27"]
[Round "4"]
[White "Myo, Naing"]
[Black "Lodhi, Mahmood"]
[Result "1/2-1/2"]
[WhiteElo "2252"]
[BlackElo "2300"]
[PlyCount "157"]
[EventDate "2015.09.25"]
[EventType "swiss"]
[EventRounds "9"]
[EventCountry "IRI"]
[SourceTitle "EXT 2017"]
[Source "ChessBase"]
[SourceDate "2016.10.25"]
[SourceVersion "1"]
[SourceVersionDate "2016.10.25"]
[SourceQuality "1"]

1. e4 e5 2. Nf3 Nc6 3. Bb5 a6 4. Ba4 Nf6 5. 0-0 Be7 6. Re1 b5 7. Bb3 d6 8. c3 0-0 9. h3 Na5 10. Bc2 c5 11. d4 Qc7 12. Nbd2 cxd4 13. cxd4 Bb7 14. d5 Rfc8 15. Bd3 Nd7 16. Nf1 Nc5 17. Bc2 Ne6 18. Ne3 Nf4 19. b3 Rab8 20. Bd2 g6 21. Rc1 Qd8 22. Kh2 Ba8 23. g3 Nh5 24. Ng4 Nb7 25. b4 f6 26. Qe2 Qe8 27. a4 Nd8 28. axb5 axb5 29. Bd3 Rxc1 30. Rxc1 Nf7 31. Ne3 Ng7 32. g4 Qd7 33. Ra1 Bd8 34. Bxb5 Rxb5 35. Rxa8 Qb7 36. Qc4 Ne8 37. Qc8 Nc7 38. Qxb7 Rxb7 39. Ra1 Nb5 40. Nc4 Rc7 41. Rc1 Ra7 42. Na5 Bb6 43. Rc8+ Kg7 44. Rb8 Nd4 45. Nxd4 Bxd4 46. Kg2 f5 47. f3 fxe4 48. fxe4 Ra6 49. b5 Rb6 50. Rxb6 Bxb6 51. Nc4 Bc5 52. Ba5 Kf6 53. h4 Ke7 54. Kf3 Kd7 55. Bb6 Bb4 56. Ba5 Bc5 57. Bd2 Nd8 58. h5 Nf7 59. hxg6 hxg6 60. Be3 Bb4 61. Nb6+ Kc7 62. Na4 Kb7 63. Nb2 Ba5 64. Ke2 Bc3 65. Nc4 Bb4 66. Kd3 Be1 67. Kc2 Bb4 68. Kb3 Be1 69. Ka4 Bc3 70. Bc1 Bd4 71. Ba3 Bc5 72. Bxc5 dxc5 73. Ka5 Ng5 74. Nd2 Nf7 75. Nb3 c4 76. Nc5+ Kc8 77. Kb4 Nd6 78. b6 g5 79. Kc3 1/2-1/2

[Event "Ho Chi Minh City HD Bank op 5th"]
[Site "Ho Chi Minh City"]
[Date "2015.03.18"]
[Round "3"]
[White "Grafil, Franz Robert"]
[Black "Myo, Naing"]
[Result "1/2-1/2"]
[WhiteElo "2123"]
[BlackElo "2299"]
[PlyCount "85"]
[EventDate "2015.03.17"]
[EventType "swiss"]
[EventRounds "9"]
[EventCountry "VIE"]
[SourceTitle "CBM 165 Extra"]
[Source "ChessBase"]
[SourceDate "2015.04.21"]
[SourceVersion "1"]
[SourceVersionDate "2015.04.21"]
[SourceQuality "1"]

1. d4 Nf6 2. c4 e6 3. g3 c5 4. d5 exd5 5. cxd5 d6 6. Nc3 g6 7. Bg2 Bg7 8. Nf3 0-0 9. 0-0 a6 10. a4 Nbd7 11. h3 Rb8 12. Rb1 Ne8 13. Bg5 Bf6 14. Bh6 Bg7 15. Bxg7 Kxg7 16. b4 Nef6 17. e4 cxb4 18. Rxb4 Qa5 19. Qd4 Qc5 20. Rfb1 Qxd4 21. Nxd4 Re8 22. a5 Nc5 23. f3 Ra8 24. Rb6 Rd8 25. Nb3 Ncd7 26. Rb4 g5 27. Na4 h5 28. Nb6 Nxb6 29. Rxb6 h4 30. gxh4 gxh4 31. f4 Nh5 32. Rf1 Ng3 33. Rf2 Re8 34. Nd2 f5 35. Nc4 fxe4 36. Nxd6 Re7 37. f5 Re5 38. f6+ Kf8 39. Rc2 e3 40. Rc7 e2 41. Rf7+ Kg8 42. Rg7+ Kf8 43. Rf7+ 1/2-1/2

[Event "Ho Chi Minh City zt 3.3"]
[Site "Ho Chi Minh City"]
[Date "2015.03.13"]
[Round "7"]
[White "Myo, Naing"]
[Black "Duong, The Anh"]
[Result "0-1"]
[WhiteElo "2299"]
[BlackElo "2340"]
[PlyCount "98"]
[EventDate "2015.03.07"]
[EventType "swiss"]
[EventRounds "9"]
[EventCountry "VIE"]
[SourceTitle "CBM 165 Extra"]
[Source "ChessBase"]
[SourceDate "2015.04.21"]
[SourceVersion "1"]
[SourceVersionDate "2015.04.21"]
[SourceQuality "1"]

1. e4 c5 2. Nc3 d6 3. g3 Nc6 4. Bg2 g6 5. d3 Bg7 6. Be3 Rb8 7. Qd2 b5 8. Nge2 b4 9. Nd1 Bb7 10. 0-0 a5 11. h3 Nd4 12. Nc1 Nf6 13. c3 Ne6 14. f4 Qc7 15. Nf2 d5 16. f5 gxf5 17. exf5 d4 18. fxe6 Qxg3 19. exf7+ Kxf7 20. Ne4 dxe3 21. Nxg3 exd2 22. Nb3 bxc3 23. bxc3 Bxg2 24. Kxg2 Rhc8 25. Nxd2 Rb2 26. Rf2 Rd8 27. Nde4 Rxf2+ 28. Nxf2 Nd5 29. Nge4 Nxc3 30. Nxc5 Rd5 31. Rf1 Nxa2 32. Nfe4+ Bf6 33. Nxf6 exf6 34. Ra1 Rxc5 35. Rxa2 Rf5 36. Rb2 Ke6 37. Rb7 h5 38. Ra7 Kd6 39. d4 Kc6 40. d5+ Kb6 41. Rd7 a4 42. Rd8 Rg5+ 43. Kh2 Rg7 44. Rf8 Ra7 45. Rxf6+ Kb5 46. d6 a3 47. Rf5+ Kb6 48. Rf2 Kc6 49. Rf6 Ra5 0-1

[Event "Ho Chi Minh City zt 3.3"]
[Site "Ho Chi Minh City"]
[Date "2015.03.11"]
[Round "5"]
[White "Myo, Naing"]
[Black "Tran, Minh Thang"]
[Result "1/2-1/2"]
[WhiteElo "2299"]
[BlackElo "2196"]
[PlyCount "46"]
[EventDate "2015.03.07"]
[EventType "swiss"]
[EventRounds "9"]
[EventCountry "VIE"]
[SourceTitle "CBM 165 Extra"]
[Source "ChessBase"]
[SourceDate "2015.04.21"]
[SourceVersion "1"]
[SourceVersionDate "2015.04.21"]
[SourceQuality "1"]

1. d4 Nf6 2. c4 g6 3. Nc3 d5 4. Nf3 Bg7 5. cxd5 Nxd5 6. Qb3 Nb6 7. Bf4 Be6 8. Qc2 c6 9. Rd1 0-0 10. e3 a5 11. Be2 Na6 12. 0-0 Nb4 13. Qb1 N6d5 14. Bg3 a4 15. a3 Nxc3 16. bxc3 Nd5 17. Qc2 b5 18. c4 Nb6 19. Nd2 Nxc4 20. Nxc4 Bxc4 21. Bxc4 bxc4 22. Qxc4 Qd5 23. Rc1 Rfc8 1/2-1/2

[Event "Ho Chi Minh City zt 3.3"]
[Site "Ho Chi Minh City"]
[Date "2015.03.10"]
[Round "4"]
[White "Pham, Chuong"]
[Black "Myo, Naing"]
[Result "1-0"]
[WhiteElo "2397"]
[BlackElo "2299"]
[PlyCount "141"]
[EventDate "2015.03.07"]
[EventType "swiss"]
[EventRounds "9"]
[EventCountry "VIE"]
[SourceTitle "CBM 165 Extra"]
[Source "ChessBase"]
[SourceDate "2015.04.21"]
[SourceVersion "1"]
[SourceVersionDate "2015.04.21"]
[SourceQuality "1"]

1. d4 Nf6 2. c4 e6 3. g3 c5 4. d5 exd5 5. cxd5 d6 6. Nc3 g6 7. Bg2 Bg7 8. Nf3 0-0 9. 0-0 Na6 10. Nd2 Nc7 11. a4 b6 12. Nc4 Ba6 13. Qb3 Bxc4 14. Qxc4 a6 15. Qh4 Nd7 16. Bg5 f6 17. Bh6 f5 18. Qf4 Bxh6 19. Qxh6 Nf6 20. Rae1 b5 21. Qd2 b4 22. Nd1 Qd7 23. b3 Qf7 24. Ne3 Rad8 25. Rd1 Rfe8 26. Nc4 Ng4 27. Rc1 Ne5 28. Rfd1 Nxc4 29. Rxc4 Re5 30. h4 Qe7 31. e3 Re8 32. Qd3 Na8 33. Rf4 Nc7 34. h5 Rf8 35. hxg6 hxg6 36. g4 Qg5 37. Qc4 Kg7 38. Rd2 Qf6 39. gxf5 Rxf5 40. Rxf5 Qa1+ 41. Qf1 Qxf1+ 42. Kxf1 gxf5 43. Ke2 Kf6 44. Rd1 Rh8 45. Kd3 Rh2 46. Rg1 Kf7 47. Ke2 Rh4 48. Bf3 c4 49. bxc4 Rxc4 50. Bh5+ Kf6 51. Rg6+ Ke5 52. f4+ Kxd5 53. Rf6 b3 54. Bf7+ Kc5 55. Bxc4 Kxc4 56. Kd2 Nd5 57. Rxd6 Kc5 58. Rd8 Kc4 59. Rb8 a5 60. Rb7 Nf6 61. Kc1 Ne4 62. Kb2 Nc5 63. Rc7 Kb4 64. Rxc5 Kxc5 65. Kxb3 Kd5 66. Kc3 Kc5 67. Kd3 Kd5 68. e4+ fxe4+ 69. Ke3 Ke6 70. Kxe4 Kd6 71. Kd4 1-0

[Event "Ho Chi Minh City zt 3.3"]
[Site "Ho Chi Minh City"]
[Date "2015.03.09"]
[Round "3"]
[White "Myo, Naing"]
[Black "Nguyen, Phuoc Tam"]
[Result "1-0"]
[WhiteElo "2299"]
[BlackElo "2059"]
[PlyCount "81"]
[EventDate "2015.03.07"]
[EventType "swiss"]
[EventRounds "9"]
[EventCountry "VIE"]
[SourceTitle "CBM 165 Extra"]
[Source "ChessBase"]
[SourceDate "2015.04.21"]
[SourceVersion "1"]
[SourceVersionDate "2015.04.21"]
[SourceQuality "1"]

1. e4 d5 2. exd5 Nf6 3. d4 Nxd5 4. c4 Nb6 5. Nf3 Bg4 6. c5 Nd5 7. Qb3 Bc8 8. Bc4 e6 9. Nc3 c6 10. Ne4 Nd7 11. 0-0 b6 12. Re1 Be7 13. Bxd5 cxd5 14. Nd6+ Kf8 15. Nxc8 Rxc8 16. cxb6 Qxb6 17. Bf4 Bb4 18. Re3 Rc4 19. a3 Be7 20. Qd1 Bf6 21. b3 Rc8 22. g4 h6 23. h4 g5 24. hxg5 hxg5 25. Bxg5 Rg8 26. Bh6+ Ke7 27. g5 Rg6 28. Kf1 Rh8 29. Ke2 Kd6 30. Qd3 Rc8 31. Rd1 Be7 32. Rd2 Rc1 33. Rc2 Rxc2+ 34. Qxc2 Qa6+ 35. Ke1 Qxa3 36. Rc3 Qa1+ 37. Ke2 Qa6+ 38. Ke3 Qb6 39. Kf4 a6 40. Qc1 f6 41. Qa3+ 1-0

[Event "Ho Chi Minh City zt 3.3"]
[Site "Ho Chi Minh City"]
[Date "2015.03.07"]
[Round "1"]
[White "Myo, Naing"]
[Black "Gundavaa, Bayarsaihan"]
[Result "0-1"]
[WhiteElo "2299"]
[BlackElo "2505"]
[PlyCount "90"]
[EventDate "2015.03.07"]
[EventType "swiss"]
[EventRounds "9"]
[EventCountry "VIE"]
[SourceTitle "CBM 165 Extra"]
[Source "ChessBase"]
[SourceDate "2015.04.21"]
[SourceVersion "1"]
[SourceVersionDate "2015.04.21"]
[SourceQuality "1"]

1. d4 Nf6 2. c4 g6 3. Nc3 Bg7 4. e4 d6 5. Be2 0-0 6. Nf3 e5 7. 0-0 Na6 8. Be3 Ng4 9. Bg5 Qe8 10. h3 h6 11. Bc1 Nf6 12. dxe5 dxe5 13. Be3 Qe7 14. Nd5 Qd8 15. Qb1 Nd7 16. b4 c6 17. Nc3 Qe7 18. c5 Nc7 19. Qb3 Kh7 20. Bc4 f5 21. Rad1 Nf6 22. exf5 gxf5 23. Rfe1 e4 24. Bf4 Nce8 25. Bd6 Nxd6 26. cxd6 Qe8 27. Nd4 Nh5 28. Nce2 Rf6 29. b5 Bd7 30. bxc6 bxc6 31. f4 c5 32. Nb5 Rb8 33. Nc7 Qf8 34. Qa3 Rb4 35. Qa6 Ra4 36. Qb7 Rxc4 37. Nb5 Rf7 38. Nxa7 Bd4+ 39. Nxd4 Rxd4 40. Nc6 Bxc6 41. Qxc6 Nxf4 42. Qxc5 Qg7 43. g4 Nxh3+ 44. Kh2 Rxd1 45. Rxd1 Qxg4 0-1

[Event "Yangon Zaw Win Lay Memorial"]
[Site "Yangon"]
[Date "2014.11.26"]
[Round "5"]
[White "Myo, Naing"]
[Black "Liu, Xiangyi"]
[Result "1/2-1/2"]
[WhiteElo "2304"]
[BlackElo "2186"]
[PlyCount "69"]
[EventDate "2014.11.24"]
[EventType "swiss"]
[EventRounds "9"]
[EventCountry "MYA"]
[SourceTitle "EXT 2016"]
[Source "ChessBase"]
[SourceDate "2015.10.08"]
[SourceVersion "1"]
[SourceVersionDate "2015.10.08"]
[SourceQuality "1"]

1. e4 e6 2. d4 d5 3. Nd2 c5 4. exd5 Qxd5 5. Ngf3 cxd4 6. Bc4 Qd6 7. 0-0 Nf6 8. Nb3 Nc6 9. Nbxd4 Nxd4 10. Qxd4 a6 11. Bf4 Qxd4 12. Nxd4 b5 13. Bb3 Bc5 14. Rad1 0-0 15. Ne2 Bb7 16. Bd6 Rfc8 17. Bxc5 Rxc5 18. c3 a5 19. a3 Bd5 20. Bxd5 Nxd5 21. Rd4 a4 22. Rfd1 Kf8 23. Nf4 Nb6 24. Nd3 Rd5 25. Rxd5 Nxd5 26. Ne5 Rc8 27. Kf1 Ke7 28. Ng4 Rd8 29. Rd4 f5 30. Ne5 Kf6 31. f4 Ne3+ 32. Ke2 Rxd4 33. cxd4 Nxg2 34. Kf3 Nh4+ 35. Kg3 1/2-1/2

[Event "Nay Pyi Taw"]
[Site "Nay Pyi Taw"]
[Date "2013.08.03"]
[Round "7"]
[White "Myo, Naing"]
[Black "Ismail, Ahmad"]
[Result "1-0"]
[WhiteElo "2299"]
[BlackElo "2059"]
[PlyCount "77"]
[EventDate "2013.07.31"]
[EventType "tourn"]
[EventRounds "9"]
[EventCountry "MAS"]
[EventCategory "1"]
[SourceTitle "EXT 2014"]
[Source "ChessBase"]
[SourceDate "2013.11.20"]
[SourceVersion "1"]
[SourceVersionDate "2013.11.20"]
[SourceQuality "1"]

1. e4 d5 2. exd5 Nf6 3. d4 Bg4 4. f3 Bf5 5. Bb5+ Nbd7 6. c4 a6 7. Bxd7+ Qxd7 8. Ne2 e6 9. dxe6 fxe6 10. 0-0 Bd6 11. Nbc3 0-0 12. Be3 c6 13. Qd2 Rad8 14. Rad1 Qf7 15. Qe1 Qg6 16. Bf4 Rfe8 17. Bxd6 Rxd6 18. Qg3 Red8 19. Qxg6 Bxg6 20. Rd2 h5 21. Rfd1 Bf5 22. Ng3 Bg6 23. Nge4 R6d7 24. Nc5 Re7 25. Re2 Kf7 26. N3e4 Bxe4 27. fxe4 Ke8 28. Rdd2 a5 29. e5 Ng4 30. Ne4 Red7 31. Nd6+ Ke7 32. c5 Nh6 33. Re4 Nf5 34. Rf2 g6 35. g4 hxg4 36. Rxg4 Rg8 37. Rfg2 Nxd6 38. cxd6+ Kf7 39. Rf2+ 1-0

[Event "Ho Chi Minh City HD Bank op 3rd"]
[Site "Ho Chi Minh City"]
[Date "2013.03.21"]
[Round "5"]
[White "Myo, Naing"]
[Black "Ashwin, Jayaram"]
[Result "0-1"]
[WhiteElo "2299"]
[BlackElo "2472"]
[PlyCount "60"]
[EventDate "2013.03.19"]
[EventType "swiss"]
[EventRounds "9"]
[EventCountry "VIE"]
[SourceTitle "CBM 153 Extra"]
[Source "ChessBase"]
[SourceDate "2013.04.22"]
[SourceVersion "1"]
[SourceVersionDate "2013.04.22"]
[SourceQuality "1"]

1. e4 c5 2. Nf3 d6 3. d4 cxd4 4. Nxd4 Nf6 5. Nc3 Nc6 6. Bg5 e6 7. Qd2 a6 8. 0-0-0 Be7 9. f3 Nxd4 10. Qxd4 b5 11. Be3 0-0 12. Kb1 Bb7 13. g4 Rc8 14. h4 Qa5 15. Qd2 b4 16. Ne2 Nxe4 17. fxe4 Bxe4 18. Ng3 Bxc2+ 19. Qxc2 Rxc2 20. Kxc2 Qxa2 21. Bd3 Bf6 22. Bc1 Bc3 23. Be2 Rc8 24. Kd3 Be5 25. Nh5 Qb3+ 26. Ke4 g6 27. Be3 gxh5 28. gxh5 d5+ 29. Kf3 d4 30. Rhg1+ Kf8 0-1

[Event "Ho Chi Minh City HD Bank op 3rd"]
[Site "Ho Chi Minh City"]
[Date "2013.03.19"]
[Round "2"]
[White "Myo, Naing"]
[Black "Lou, Yiping"]
[Result "1-0"]
[WhiteElo "2299"]
[BlackElo "2475"]
[PlyCount "243"]
[EventDate "2013.03.19"]
[EventType "swiss"]
[EventRounds "9"]
[EventCountry "VIE"]
[SourceTitle "CBM 153 Extra"]
[Source "ChessBase"]
[SourceDate "2013.04.22"]
[SourceVersion "1"]
[SourceVersionDate "2013.04.22"]
[SourceQuality "1"]

1. e4 c6 2. d4 d5 3. Nc3 dxe4 4. Nxe4 Bf5 5. Ng3 Bg6 6. h4 h6 7. h5 Bh7 8. Nf3 Nd7 9. Bd3 Bxd3 10. Qxd3 e6 11. Bd2 Ngf6 12. 0-0-0 Be7 13. Ne4 Nxe4 14. Qxe4 Nf6 15. Qe2 Qd5 16. c4 Qe4 17. Qxe4 Nxe4 18. Be3 Nd6 19. b3 Bf6 20. Kc2 b5 21. c5 Nf5 22. g4 Ne7 23. a3 Nd5 24. Rdg1 Rd8 25. Bc1 Ne7 26. Be3 Rd5 27. b4 0-0 28. a4 Rb8 29. Ra1 Rd7 30. a5 Rbd8 31. Rad1 a6 32. Rd2 Nd5 33. Kb3 Ne7 34. Rhd1 Rd5 35. Bf4 Nf5 36. Be3 Nh4 37. Ne1 g6 38. hxg6 Nxg6 39. f4 h5 40. g5 Bg7 41. Kc3 Nh4 42. Bf2 Nf5 43. Nf3 Ne7 44. Ne5 Bxe5 45. fxe5 Kg7 46. Re2 Kg6 47. Re4 Nf5 48. Rh1 h4 49. Rh3 Rh8 50. Be3 Rdd8 51. Bd2 Rh5 52. Kd3 Rdh8 53. Bc1 Ne7 54. Bd2 Nd5 55. Ke2 Kf5 56. Kf3 Kg6 57. Ke2 R5h7 58. Kd3 Ne7 59. Bc1 Nf5 60. Bd2 Kh5 61. Bc1 Rd8 62. Bd2 Rxd4+ 63. Rxd4 Nxd4 64. Kxd4 Kg4 65. Rh1 Kf3 66. Be1 h3 67. Rh2 Rh5 68. Kd3 Kg4 69. Ke4 Rh8 70. Bd2 Rd8 71. Re2 Rd7 72. Ke3 Rd5 73. Kf2 Rd3 74. Re4+ Kf5 75. Rf4+ Kxe5 76. Be3 Rb3 77. Rxf7 Rxb4 78. Bf4+ Ke4 79. g6 Rb2+ 80. Kg3 Rg2+ 81. Kxh3 Rxg6 82. Bd6 Kd5 83. Ra7 Rg1 84. Rxa6 Ra1 85. Kg3 e5 86. Ra8 e4 87. Kf4 Rf1+ 88. Ke3 Rf3+ 89. Ke2 Ra3 90. a6 Ra2+ 91. Ke3 Ra3+ 92. Kf4 Rf3+ 93. Kg4 Ra3 94. a7 b4 95. Bh2 Kc4 96. Kf4 e3 97. Kf3 b3 98. Be5 Ra6 99. Kxe3 Ra2 100. Bf6 Ra3 101. Kd2 Ra2+ 102. Kc1 Ra6 103. Kb1 Ra2 104. Bd8 Kc3 105. Bf6+ Kc4 106. Bd4 Ra6 107. Be3 Ra2 108. Bc1 Ra6 109. Rc8 Rxa7 110. Rxc6 Rf7 111. Rc8 Kb5 112. Kb2 Rf5 113. Be3 Re5 114. Bd4 Rd5 115. Kc3 Rh5 116. Rb8+ Kc6 117. Kxb3 Rh4 118. Kc4 Rh1 119. Rb6+ Kd7 120. Kd5 Rd1 121. Rb7+ Kc8 122. Rh7 1-0

[Event "ASEAN-ch"]
[Site "Yangon"]
[Date "2012.10.27"]
[Round "9"]
[White "Myo, Naing"]
[Black "Aulia, Medina Warda"]
[Result "1/2-1/2"]
[WhiteElo "2293"]
[BlackElo "2311"]
[PlyCount "29"]
[EventDate "2012.10.23"]
[EventType "tourn"]
[EventRounds "9"]
[EventCountry "MYA"]
[EventCategory "3"]
[SourceTitle "EXT 2013"]
[Source "ChessBase"]
[SourceDate "2012.11.22"]
[SourceVersion "1"]
[SourceVersionDate "2012.11.22"]
[SourceQuality "1"]

1. e4 e6 2. d4 d5 3. Nd2 Nf6 4. e5 Nfd7 5. c3 c5 6. Bd3 Nc6 7. Ne2 cxd4 8. cxd4 f6 9. exf6 Nxf6 10. Nf3 Bd6 11. 0-0 Qc7 12. Bg5 0-0 13. Rc1 Bd7 14. a3 a6 15. Ng3 1/2-1/2